Catholic University of Zimbabwe Library
Online Public Access Catalogue
(OPAC)

Shaping China's innovation future (Record no. 28633)

MARC details
000 -LEADER
fixed length control field 02739nam a2200421 a 4500
001 - CONTROL NUMBER
control field eep9781849809092
003 - CONTROL NUMBER IDENTIFIER
control field DLC
005 - DATE AND TIME OF LATEST TRANSACTION
control field 20210215104125.0
006 - FIXED-LENGTH DATA ELEMENTS--ADDITIONAL MATERIAL CHARACTERISTICS
fixed length control field m o d
007 - PHYSICAL DESCRIPTION FIXED FIELD--GENERAL INFORMATION
fixed length control field cr un|||||||||
008 - FIXED-LENGTH DATA ELEMENTS--GENERAL INFORMATION
fixed length control field 100427s2010 enka ob 001 0 eng d
010 ## - LIBRARY OF CONGRESS CONTROL NUMBER
LC control number 2010927665
020 ## - INTERNATIONAL STANDARD BOOK NUMBER
International Standard Book Number 9781849809092 (e-book)
040 ## - CATALOGING SOURCE
Original cataloging agency UKM
Transcribing agency UKM
Modifying agency YDXCP
-- RCJ
-- CDX
-- BWX
-- NDD
-- DLC
043 ## - GEOGRAPHIC AREA CODE
Geographic area code a-cc---
050 #4 - LIBRARY OF CONGRESS CALL NUMBER
Classification number HC430.T4
Item number O73 2010
082 04 - DEWEY DECIMAL CLASSIFICATION NUMBER
Classification number 338.0640951
Edition number 22
100 1# - MAIN ENTRY--PERSONAL NAME
Personal name Orcutt, John L.
245 10 - TITLE STATEMENT
Title Shaping China's innovation future
Medium [electronic resource] :
Remainder of title university technology transfer in transition /
Statement of responsibility, etc. John L. Orcutt and Hong Shen.
260 ## - PUBLICATION, DISTRIBUTION, ETC.
Place of publication, distribution, etc. Cheltenham ;
-- Northampton, Mass. :
Name of publisher, distributor, etc. Edward Elgar,
Date of publication, distribution, etc. c2010.
300 ## - PHYSICAL DESCRIPTION
Extent 1 online resource (xiv, 296 p.) :
Other physical details ill.
490 1# - SERIES STATEMENT
Series statement Elgar intellectual property and global development
504 ## - BIBLIOGRAPHY, ETC. NOTE
Bibliography, etc. note Includes bibliographical references (p. 255-286) and index.
505 0# - FORMATTED CONTENTS NOTE
Formatted contents note Universities, technology commercialization and innovation systems -- Developing a market-based innovation system -- A snapshot of China's current innovation system -- Developing a legal system that supports the market-based transactions of a Bayh-Dole strategy -- China's intellectual property regime has come of age -- China's Bayh-Dole system -- Planning to be an innovative nation : China's national S&T plan and its impact on China's Bayh-Dole system -- China's emerging venture capital industry -- Increasing the technology commercialization capacity of Chinese universities.
520 ## - SUMMARY, ETC.
Summary, etc. Shaping China's Innovation Future employs a thorough analysis of a combination of factors including: the role of law and China's legal system; economic theory and the development of China's economy; China's educational, intellectual property, and financial systems; China's innovation capacity; and Chinese culture. Though the recommendations on how to improve China's technology commercialization system are unique to China, the scope of the research makes the conclusions found here applicable to other countries facing similar challenges.
650 #0 - SUBJECT ADDED ENTRY--TOPICAL TERM
Topical term or geographic name entry element Technology transfer
Geographic subdivision China.
650 #0 - SUBJECT ADDED ENTRY--TOPICAL TERM
Topical term or geographic name entry element Academic-industrial collaboration
Geographic subdivision China.
650 #0 - SUBJECT ADDED ENTRY--TOPICAL TERM
Topical term or geographic name entry element Technological innovations
General subdivision Economic aspects
Geographic subdivision China.
650 #0 - SUBJECT ADDED ENTRY--TOPICAL TERM
Topical term or geographic name entry element Technological innovations
General subdivision Law and legislation
Geographic subdivision China.
651 #0 - SUBJECT ADDED ENTRY--GEOGRAPHIC NAME
Geographic name China
General subdivision Economic conditions
Chronological subdivision 2000-
651 #0 - SUBJECT ADDED ENTRY--GEOGRAPHIC NAME
Geographic name China
General subdivision Economic policy
Chronological subdivision 2000-
655 #7 - INDEX TERM--GENRE/FORM
Genre/form data or focus term Electronic books.
Source of term lcsh
700 1# - ADDED ENTRY--PERSONAL NAME
Personal name Shen, Hong,
Titles and other words associated with a name LLM.
710 2# - ADDED ENTRY--CORPORATE NAME
Corporate name or jurisdiction name as entry element Edward Elgar Publishing.
776 1# - ADDITIONAL PHYSICAL FORM ENTRY
International Standard Book Number 1849803587 (hbk.)
-- 9781849803588 (hardback)
-- 9781849807753 (pbk.)
830 #0 - SERIES ADDED ENTRY--UNIFORM TITLE
Uniform title Elgar intellectual property and global development.
856 40 - ELECTRONIC LOCATION AND ACCESS
Uniform Resource Identifier <a href="https://www.elgaronline.com/view/9781849803588.xml">https://www.elgaronline.com/view/9781849803588.xml</a>
Holdings
Withdrawn status Lost status Source of classification or shelving scheme Damaged status Not for loan Home library Current library Shelving location Date acquired Total Checkouts Full call number Date last seen Uniform Resource Identifier Price effective from Koha item type
          Digital Library Digital Library Online Access 15.02.2021   HC430.T4 O73 2010 15.02.2021 https://www.elgaronline.com/view/9781849803588.xml 15.02.2021 eBook

OPENING HOURS

Weekdays: 0815hrs - 1800hrs
Weekends:0900hrs - 1200hrs

Closed for Mass:

Mon, Thur: 1200hrs - 1300hrs
Sunday & Public Holiday’s

CALL SUPPORT

0242-570570, 0242-570169
09200664, +263 8644140602

LOCATION

18443, Cranborne Avenue, Hatfield, Harare

Other Links


©2021 | CUZ Library